Metáforas de la vida cotidiana.
Αποθηκεύτηκε σε:
| Κύριος συγγραφέας: | |
|---|---|
| Άλλοι συγγραφείς: | , , , |
| Μορφή: | Άγνωστο |
| Γλώσσα: | Αγγλικά |
| Έκδοση: |
Madrid, España:
Cátedra,
2022
|
| Έκδοση: | Décima edición. |
| Σειρά: | Colección Teorema. Serie Mayor.
|
| Θέματα: | |
| Ετικέτες: |
Προσθήκη ετικέτας
Δεν υπάρχουν, Καταχωρήστε ετικέτα πρώτοι!
|
MARC
| LEADER | 00000 a2200000 4500 | ||
|---|---|---|---|
| 003 | CL-VaPUC | ||
| 005 | 20230818101752.0 | ||
| 008 | 230808t2022 ||||| |||| 00| 0 eng d | ||
| 999 | |c 441508 |d 441506 | ||
| 020 | |a 978-84-376-3667-2 | ||
| 040 | |c Pontificia Universidad Católica de Valparaíso | ||
| 082 | |2 22 |a 401 LAK 2022 | ||
| 100 | |a Lakoff, George |9 884037 |e autor | ||
| 245 | |a Metáforas de la vida cotidiana. | ||
| 250 | |a Décima edición. | ||
| 260 | |a Madrid, España: |b Cátedra, |c 2022 | ||
| 300 | |a 303 páginas. | ||
| 490 | |a Colección Teorema. Serie Mayor. | ||
| 583 | |k GC |c 20230808 | ||
| 650 | 0 | |9 265069 |a Lenguaje |x Metáforas |v Análisis lingüístico y filosófico | |
| 650 | 0 | |9 257082 |a Filosofía del lenguaje | |
| 650 | 0 | |9 884070 |a Expresiones lingüísticas |x Análisis del discurso | |
| 700 | |9 884071 |a Millán, José Antonio |e introducción | ||
| 700 | |9 884073 |a Narotzky, Susana |e introducción | ||
| 700 | |9 864670 |a González Marín, Carmen |e traductora | ||
| 700 | |9 884075 |a Guijarro Lasheras, Rodrigo |e traducción del epílogo | ||
| 942 | |2 ddc |c BK | ||
| 952 | |0 0 |1 0 |2 ddc |4 0 |6 401_000000000000000_LAK_2022 |7 0 |8 A |9 591129 |a BIBEDU |b BIBEDU |c GEN |d 2023-08-04 |e 3 |g 22163.00 |i 5658321 |l 7 |m 6 |o 401 LAK 2022 |p 5658321 |r 2024-10-09 |s 2024-08-07 |t 1 |v 22163.00 |w 2023-08-04 |y BK |k LIT | ||
| 952 | |0 0 |1 0 |2 ddc |4 0 |6 401_000000000000000_LAK_2022 |7 0 |8 A |9 591164 |a BIBEDU |b BIBEDU |c GEN |d 2023-08-08 |e 3 |g 22163.00 |i 5658322 |l 4 |m 4 |o 401 LAK 2022 |p 5658322 |r 2024-09-24 |s 2024-08-28 |t 2 |v 22163.00 |w 2023-08-08 |y BK |k LIT | ||